00426cam a2200169ua 45000010005000000080039000050200018000440400009000620410008000710820010000791000032000892450052001212500012001732600046001853000010002316530015002419677160317n ii |||gr||||Z||||||eng a9789384303082 cMAIN aeng a338.5 aBarua, Jagatjyoti,eAuthor.1 aElementary micro economicscby Jagatjyoti Barua a1st ed. aDibrugarh:bMahaveer publications,c2014. a203p. aProduction